000
00197 a2200097 4500
001
4064
100
_a
Kermode, A C
245
_a
Aeriokabe structure
260
_a
_b
Pitman
_c
090
_c
3283
_d
3283
942
_a
NUST-CAE
_c
M
_c
25369
999
_c
239137
_d
239137